Normal view
MARC view
- Page-Barbour Foundation
Entry Corporate Name
001 - CONTROL NUMBER
- control field: 49749
003 - CONTROL NUMBER IDENTIFIER
- control field: NUST
005 - DATE AND TIME OF LATEST TRANSACTION
- control field: 20210314134428.0
008 - FIXED-LENGTH DATA ELEMENTS
- fixed length control field: 210314|| aca||aabn | a|a d
040 ## - CATALOGING SOURCE
- Original cataloging agency: NUST
- Transcribing agency: NUST
110 ## - HEADING--CORPORATE NAME
- Corporate name or jurisdiction name as entry element: Page-Barbour Foundation
670 ## - SOURCE DATA FOUND
- Source citation: Work cat.: (NUST): Conant, James Bryant, 49747, Education and liberty;, 1953.
